| 000 -LEADER |
| fixed length control field |
00529cam a22001337a 4500 |
| 008 - FIXED-LENGTH DATA ELEMENTS--GENERAL INFORMATION |
| fixed length control field |
180718b1966 xxu||||| |||| 00| 0 eng d |
| 082 ## - DEWEY DECIMAL CLASSIFICATION NUMBER |
| Classification number |
Z4706x5442 |
| 100 ## - MAIN ENTRY--PERSONAL NAME |
| Personal name |
Maharashtra. Special Committee for Studying the Working of Forest Labourers' Co-operative Societies |
| 245 ## - TITLE STATEMENT |
| Title |
Report of the Special Committee for Studying the Working of Forest Labourers' Co-operative Societies, Maharashtra State |
| 260 ## - PUBLICATION, DISTRIBUTION, ETC. |
| Place of publication, distribution, etc. |
Bombay |
| Name of publisher, distributor, etc. |
The author |
| Date of publication, distribution, etc. |
1966 |
| 300 ## - PHYSICAL DESCRIPTION |
| Extent |
72+p. |
| 500 ## - GENERAL NOTE |
| General note |
Chairman: P.K. Sawant |
| 700 ## - ADDED ENTRY--PERSONAL NAME |
| Personal name |
Sawant, P.K. (Chairman) |